000 00439nam a2200157 i 4500
001 45069
003 ES-MaACL
005 20230906161140.0
007 t|
008 030325s1961 sp ||||1| spa d
100 1 _aClavera Pizarro, Esperanza.
_939125
245 1 0 _aArbol
_b: (poemas) /
_cEsperanza Clavera Pizarro.
260 _aGranada :
_b[s.n.,
_c1961]
300 _a41 p., 6 lám. ;
_c27 cm.
852 _aES-MaACL
_j2014-F-18
_bR.47631
999 _c45069
_d45069